<The> Influence of the Commodity Price Movements to the Numerical Commodity Price Forecasting

Predstavenie numerického modelu na predpovedanie cien na komoditných burzách. Modelovanie vývoja cien hliníka ako numerické riešenie Cauchyho začiatočnej úlohy pre diferenciálnu rovnicu 1. rádu v roku 2007. Denné a mesačné prognózy vývoja, ich výhody a nevýhody.

Guardado en:
Detalles Bibliográficos
Autor principal: Lascsáková, Marcela
Formato: Capítulo de libro
Lenguaje:inglés
Materias:
Etiquetas: Agregar Etiqueta
Sin Etiquetas, Sea el primero en etiquetar este registro!

MARC

LEADER 00000nla a2200000 4500
001 0247531
005 20240417075145.2
041 0 |a eng 
044 |a RO 
245 1 0 |a <The> Influence of the Commodity Price Movements to the Numerical Commodity Price Forecasting  |c Marcela Lascsáková 
520 |a Predstavenie numerického modelu na predpovedanie cien na komoditných burzách. Modelovanie vývoja cien hliníka ako numerické riešenie Cauchyho začiatočnej úlohy pre diferenciálnu rovnicu 1. rádu v roku 2007. Denné a mesačné prognózy vývoja, ich výhody a nevýhody. 
610 2 0 |a hliník 
610 2 0 |a burzy komoditné 
610 2 0 |a modely prognostické 
610 2 0 |a ceny 
610 2 0 |a ceny burzové 
100 1 |a Lascsáková, Marcela